000 00570nam a2200217Ia 4500
008 101110s9999 xx 000 0 und d
041 _aENGLISH
082 _bSR27352
100 _aDias Mario
245 _aDevelopment issues of Indian economy TYBCom
260 _c2003
_bMarvel Pub., Mumbai
300 _a324
365 _b125
520 _aEconomics
546 _aENGLISH
630 _aDevelopment issues of Indian economy TYBCom
650 _aEconomics
655 _aEconomics
730 _aDevelopment issues of Indian economy TYBCom
942 _cBOOK
999 _c819908
_d819905